00485 a2200157 450000100060000008200140000609000170002010000260003724500620006325000060012526000470013150500110017894200240018999900190021395200950023254458 a516.3 SEG c33899d33899 aSeggern, David H. Von aCRC standard curves and surfaces with mathematica, 2nd ed a2 aBoca Raton/ Londonbtaylor & francisc2007 aCD/DVD aNUST-CAEk516.3 SEG c289531d289531 001040708NFICaCAEbCAEd2017-04-03l0o516.3 SEGpCAE79210r2017-04-05w2017-04-05yBK